000 00654nam a2200229 a 4500
001 000024459
005 20200930023202.0
008 110127s1994 uy 000 f spa d
020 _a9974360285
040 _aDO-SdBNP
_bspa
_cBNPHU
082 _aU863.44
_bO58p
100 1 _aOnetti, Juan Carlos,
_d1909-1994
_923877
245 1 3 _aEl pozo /
_cJuan Carlos Onetti.
260 _aMontevideo, Uruguay :
_bInstituto Nacional del Libro,
_c1994.
300 _a76 p. ;
_c23 cm.
490 1 _aBrazo corto
_v11
650 4 _aNovela uruguaya
_95679
650 4 _aLiteratura uruguaya
_93054
830 0 _aBrazo corto,
_v11
_98973
910 _aWM
049 _aBNGR
999 _c23952
_d23952